000 00742nam a2200229 a 4500
999 _c12215
_d12215
001 12215
003 BD-JhCC
005 20221020134024.0
008 171021s2016 bg |||| ||a| 000 0 ben d
020 _a984900781126
035 _a(BD-JhCC) 12215
040 _aBD-JhCC
_dBD-JhCC
041 _abengali
082 _a891.443
_bBAN 2016
100 _aবন্দ্যোপাধ্যায়, তারাশঙ্কর
245 _aকবি /
_c তারাশঙ্কর বন্দ্যোপাধ্যায় ।
260 _aঢাকা :
_bসুচয়নী পাবলিশার্স;
_c২০১৬.
300 _a192 p.:
_c22 cm.
650 _aBengali Novel.
942 _2ddc
_cBK
_010